|
|
|
|
| LEADER |
00000nam a2200000 a 4500 |
| 001 |
UCI0863 |
| 003 |
CL-VaPUC |
| 008 |
070601e20030000CL |||||||||||||||||spa|d |
| 020 |
|
|
|a 9562392856
|
| 082 |
0 |
4 |
|a 796.334
|b PIC
|2 21
|
| 100 |
0 |
|
|a Pickett, Axel
|e author
|9 521030
|
| 245 |
1 |
3 |
|a El partido de los valientes: Moscú 26 de septiembre, 1973, URSS 0- Chile 0
|
| 300 |
|
|
|a 212 p
|
| 942 |
|
|
|c BK
|
| 945 |
|
|
|d 20070601 00:00:00
|a jtorresc
|
| 260 |
|
|
|a Santiago
|b Aguilar
|c 2003
|
| 650 |
|
0 |
|a Fútbol
|9 307513
|
| 650 |
|
7 |
|a EQUIPOS DE FUTBOL
|2 CL-VaPUC
|9 458180
|
| 650 |
|
0 |
|a Aspectos políticos
|9 257400
|
| 650 |
|
0 |
|a Historia
|9 255047
|
| 651 |
|
7 |
|a CHILE
|2 CL-VaPUC
|9 521031
|
| 583 |
|
|
|a last modification
|c 20070601 00:00:00
|k Rodrigo Vera
|
| 999 |
|
|
|c 325837
|d 325835
|
| 952 |
|
|
|0 0
|1 0
|4 0
|6 796_334000000000000_PIC_2003
|7 0
|8 A
|9 407225
|a BIBCUR
|b BIBCUR
|d 2019-11-22
|i 4292758
|o 796.334 PIC 2003
|p 4292758
|r 2025-04-22
|w 2019-11-22
|y BK
|k PER
|